00426pab a2200157 454500008004000000100002300040245003800063260000900101300001600110362001100126650002800137650002100165650002800186650002000214773003400234180718b2002 xxu||||| |||| 00| 0 eng d aHachhethu, Krishna aSocial sciences research in Nepal c2002 ap.3631-643. a31 Aug aSocial sciences - Nepal aResearch - Nepal aSocial research - Nepal aSocial research aEconomic and Political Weekly